| 000 | 00447cam a22001457a 4500 | ||
|---|---|---|---|
| 008 | 180718b1956 xxu||||| |||| 00| 0 eng d | ||
| 082 | _aC41X54 C393 | ||
| 100 | _aChaudhri, A.S. | ||
| 245 |
_aConstitutional rights & limitations _cby A.S. Chaudhri |
||
| 260 |
_aAllahabad _bWadhwa & Company _c1956 |
||
| 300 | _av | ||
| 500 | _aContents;v.1. lxx, 939p; v.2. lix, 942-2138p | ||
| 650 | _aConstitutional law --India | ||
| 650 | _aCivil rights --India | ||
| 999 |
_c423989 _d423989 |
||